| 000 | 00612nam a2200241 a 4500 | ||
|---|---|---|---|
| 001 | nice12345678 | ||
| 003 | IN_TiNIC | ||
| 005 | 20260116013533.0 | ||
| 008 | 050524s1999 newa grp 000 0 urd | ||
| 020 |
_a _c63 |
||
| 082 | 0 | 0 |
_a491.43982 _bBAD |
| 100 | _aBadrul Hasan, Syed | ||
| 245 | _aSehat-E-Alfaaz | ||
| 260 |
_aNew Delhi _bQaumi Council Barai Taraqi-E-Urdu Lang _c1999 |
||
| 300 | _a253p | ||
| 500 | _aincludes index and biblioraphy | ||
| 505 | 2 | _aGeneral Index of reference | |
| 650 | _aUrdu-Grammar | ||
| 700 | 1 | _aBadrul Hasan, Syed | |
| 902 | _bSRS | ||
| 942 | _cBK | ||
| 999 |
_c11374 _d11374 |
||